| 000 | 01293cam a2200241 4500 | ||
|---|---|---|---|
| 001 | ABS68428 | ||
| 008 | 041125n2004 000 0 eng u | ||
| 035 | _a(Sirsi) u128130 | ||
| 100 | _aWood, T. | ||
| 245 | _aIs it worth it? | ||
| 260 | _c2004 | ||
| 490 |
_aBuilding _v269(8355) 29 October 2004 56-57(2) |
||
| 520 | _aDiscusses the increasing cost of going to adjudication with reference to research which shows that there was an increase in the number of adjudicators whose charge out rate fell within the higher bracket of £101-£125 an hour and further notes that there has also been an increase in adjudicators' total fees. The concern that the fees are not in proportion to the sums at issue has encouraged Hammonds in association with "Building" to carry out a survey to gain data about the level of adjudicators' fees and whether the fee is proportional to the sum being claimed. Readers are invited to keep or record relevant information and then complete the survey electronically or in paper form. | ||
| 590 | _aABS | ||
| 590 | _aABS | ||
| 650 | _aADJUDICATION | ||
| 650 | _aADJUDCATION REPORT CENTRE | ||
| 650 | _aSCHEME FOR CONSTRUCTION CONTRACTS | ||
| 650 | _aCOST EFFECTIVENESS | ||
| 650 | _aSMALL CLAIMS | ||
| 690 |
_aDISPUTE RESOLUTION _96236 |
||
| 942 | _n0 | ||
| 999 |
_c118375 _d118375 |
||